Gujari addilichchana jihadiyu: (Record no. 215223)
[ view plain ]
| 000 -LEADER | |
|---|---|
| fixed length control field | 00691nam a2200217Ia 4500 |
| 003 - CONTROL NUMBER IDENTIFIER | |
| control field | OSt |
| 005 - DATE AND TIME OF LATEST TRANSACTION | |
| control field | 20251127093524.0 |
| 008 - FIXED-LENGTH DATA ELEMENTS--GENERAL INFORMATION | |
| fixed length control field | 210719s9999 xx 000 0 und d |
| 040 ## - CATALOGING SOURCE | |
| Transcribing agency | AL |
| 041 ## - LANGUAGE CODE | |
| Language code of text/sound track or separate title | kan |
| 082 ## - DEWEY DECIMAL CLASSIFICATION NUMBER | |
| Classification number | K894.301 PRAG |
| 100 ## - MAIN ENTRY--PERSONAL NAME | |
| Personal name | PRABHAKARA SHISHILA (B) |
| 9 (RLIN) | 166429 |
| Dates associated with a name | ಪ್ರಭಾಕರ ಶಿಶಿಲ (ಬಿ) |
| 245 ## - TITLE STATEMENT | |
| Title | Gujari addilichchana jihadiyu: |
| Remainder of title | ಗುಜರಿ ಅದ್ದಿಲಿಚ್ಛನ ಜಿಹಾದಿಯು |
| 260 ## - PUBLICATION, DISTRIBUTION, ETC. | |
| Place of publication, distribution, etc. | Maisuru |
| Name of publisher, distributor, etc. | Raj Prakashana |
| 300 ## - PHYSICAL DESCRIPTION | |
| Extent | xiv,74 |
| Other physical details | PB |
| 365 ## - TRADE PRICE | |
| Price amount | 50 |
| Currency code | Rs |
| 650 ## - SUBJECT ADDED ENTRY--TOPICAL TERM | |
| Topical term or geographic name entry element | Kannada Fiction |
| 9 (RLIN) | 166430 |
| 650 ## - SUBJECT ADDED ENTRY--TOPICAL TERM | |
| Topical term or geographic name entry element | Kannada literature |
| 9 (RLIN) | 166431 |
| 906 ## - LOCAL DATA ELEMENT F, LDF (RLIN) | |
| a | addilichchana ; Gujari ; jihAdiyu |
| 942 ## - ADDED ENTRY ELEMENTS (KOHA) | |
| Source of classification or shelving scheme | Dewey Decimal Classification |
| Koha item type | Book |
| Withdrawn status | Lost status | Source of classification or shelving scheme | Damaged status | Not for loan | Collection code | Home library | Current library | Date acquired | Cost, normal purchase price | Total Checkouts | Full call number | Barcode | Date last seen | Price effective from | Koha item type |
|---|---|---|---|---|---|---|---|---|---|---|---|---|---|---|---|
| Dewey Decimal Classification | Kannada | St Aloysius Library | St Aloysius Library | 07/14/2010 | 50.00 | K894.301 PRAG | D03840 | 07/19/2021 | 07/19/2021 | Donated Books |